The foundations of Wittgenstein's late philosophy / (Record no. 80296)

MARC details
000 -LEADER
fixed length control field 01232nam a2200337 a 4500
001 - CONTROL NUMBER
control field vtls000076298
003 - CONTROL NUMBER IDENTIFIER
control field NLI
005 - DATE AND TIME OF LATEST TRANSACTION
control field 20210601193719.0
008 - FIXED-LENGTH DATA ELEMENTS--GENERAL INFORMATION
fixed length control field 101125s1969 nyu 000 0 eng
020 ## - INTERNATIONAL STANDARD BOOK NUMBER
International Standard Book Number 0719003121 :
Terms of availability PND 4.00
039 #9 - LEVEL OF BIBLIOGRAPHIC CONTROL AND CODING DETAIL [OBSOLETE]
-- 201011250808
-- VLOAD
040 0# - CATALOGING SOURCE
Original cataloging agency NLI
Language of cataloging eng
Transcribing agency Entertech-2003
Description conventions AACR2
041 1# - LANGUAGE CODE
Language code of text/sound track or separate title eng
Language code of original ger
044 ## - COUNTRY OF PUBLISHING/PRODUCING ENTITY CODE
MARC country code nyu
082 04 - DEWEY DECIMAL CLASSIFICATION NUMBER
Classification number 149.94
100 1# - MAIN ENTRY--PERSONAL NAME
Personal name Specht, Ernst Konrad
9 (RLIN) 179235
240 1# - UNIFORM TITLE
Uniform title Sprachphilosophischen und ontologischen Grundlagen im Spatwerk Ludwig Wittgensteins.
Language of a work English
245 14 - TITLE STATEMENT
Title The foundations of Wittgenstein's late philosophy /
Statement of responsibility, etc. Ernst konrad Specht ; translated [from the German] by D. E. Walford
260 ## - PUBLICATION, DISTRIBUTION, ETC.
Place of publication, distribution, etc. New York :
Name of publisher, distributor, etc. Manchester University Press,
Date of publication, distribution, etc. c1969
300 ## - PHYSICAL DESCRIPTION
Extent viii, 209 p. ;
Dimensions 22 cm.
500 ## - GENERAL NOTE
General note Translations of : Sprachphilosophischen und ontologischen Grundlagen im Spatwerk Ludwig Wittgensteins
504 ## - BIBLIOGRAPHY, ETC. NOTE
Bibliography, etc. note Bibliography : p. 191-209
600 10 - SUBJECT ADDED ENTRY--PERSONAL NAME
Personal name Wittgenstein, Ludwig,
Dates associated with a name 1889-1951
9 (RLIN) 138742
650 #0 - SUBJECT ADDED ENTRY--TOPICAL TERM
Topical term or geographic name entry element Philosophy
9 (RLIN) 160
700 1# - ADDED ENTRY--PERSONAL NAME
Personal name Walford, D. E,
Relationship trl
9 (RLIN) 179236
887 ## - NON-MARC INFORMATION FIELD
Content of non-MARC field
901 ## - LOCAL DATA ELEMENT A, LDA (RLIN)
a 435685
b 30.06.1977
902 ## - LOCAL DATA ELEMENT B, LDB (RLIN)
a E149.94S P31
949 ## - LOCAL PROCESSING INFORMATION (OCLC)
-- VIRTUAITEM
-- 10000
-- 100
6 PUR000435685ENG
942 ## - ADDED ENTRY ELEMENTS (KOHA)
Source of classification or shelving scheme Dewey Decimal Classification
Koha item type Books
Holdings
Withdrawn status Lost status Damaged status Not for loan Collection code Home library Current library Shelving location Date acquired Total Checkouts Full call number Barcode Date last seen Price effective from Koha item type
        New English National Library of India National Library of India New English - Main Stack Division     E149.94S P31 PUR000435685ENG 01/06/2021 01/06/2021 Books
                                                                           
web counter

Copyright ©2020 The National Library of India, Govt. of India ↔ Hosted by NVLI, MOC ↔ Technology and Design by National Library of India, Ministry of Culture, Govt. of India